000 02118nam0a2200313 i 4500
001 RU\NLR\bibl\1999641
005 20260405170034.0
010 _a975889543855
_9150
021 _aRU
_b2013-4087
_9283
035 _a(NLR Aleph) 001987955
090 _a4183978
_c4183978
100 _a20130212d2012 u y0rusy50 ca
101 0 _arus
102 _aRU
105 _aa |||||||||
200 1 _aОсновы управления организацией
_eучебное пособие для студентов неэкономических специальностей и направлений подготовки всех форм обучения, изучающих дисциплины "Менеджмент", "Основы менеджмента", "Управление персоналом", "Организация производства и менеджмент"
_fЕ.Г. Васильева, А.С. Землякова, Л.Б. Тихановская
_gМ-во образования и науки Рос. Федерации, Федер. гос. бюджет. образоват. учреждение высш. проф. образования "Иван. гос. текстил. акад."
210 _aИваново
_cРедакционно-издательский отдел Ивановской государственной текстильной академии
_d2012
215 _a227 с.
_cил.
_d22
320 _aБиблиогр.: с. 184-227
606 1 _aОрганизации
_jУчебные издания для высших учебных заведений
_xУправление
_92081403
_3RU\NLR\auth\661257382
686 _aУ21(0)24я73
700 1 _4070
_8rus
_7ca
_aВасильева
_bЕ. Г.
_cканд. техн. наук
_gЕлена Германовна
_3RU\NLR\auth\7771869
_954797
701 1 _aЗемлякова
_bА. С.
_gАлександра Сергеевна
_4070
701 1 _aТихановская
_bЛ. Б.
_gЛюдмила Борисовна
_4070
801 0 _aRU
_bNLR
_c20130212
_gRCR
801 1 _aRU
_bNLR
_c20130212
942 _cBOOK
980 _aNBR